000 00645cam a2200241 4500
001 4159674
005 20180202042511.0
008 720925m19729999nyu 000 1 eng
010 _a 78178883
020 _a0374106843
040 _aDLC
_cDLC
_dDLC
_dOCoLC
_dDLC
041 1 _aeng
043 _ae-pl---
080 _a891.7344
082 0 0 _a891.7344 SOL
100 1 _a16
101 _aHIS
240 1 0 _aAvgust chetyrnadt︠s︡atogo.
_lEnglish
245 1 0 _aAugust 1914
_c[by] Alexander Solzhenitsyn. Translated by Michael Glenny.
350 _a$10.00
906 _a7
_bcbc
_corignew
_d2
_encip
_f19
_gy-gencatlg
942 _2ddc
_cBK
999 _c41594
_d41594